|
|
|
|
| LEADER |
00816pam a22002298a 4500 |
| 001 |
00017071 |
| 005 |
20171026081022.0 |
| 008 |
110415s1998 ||||||Viesd |
| 041 |
0 |
# |
|a Vie
|
| 082 |
1 |
4 |
|b GI108T
|a 537
|
| 100 |
0 |
# |
|a Nguyễn Trung Lập
|e Biên soạn
|
| 245 |
0 |
0 |
|a Giáo trình lý thuyết mạch 1
|c Nguyễn Trung Lập
|
| 260 |
# |
# |
|a Cần thơ
|b Đại học Cần Thơ
|c 1998
|
| 300 |
# |
# |
|a 134 tr.
|b hình vẻ
|c 31 cm.
|
| 500 |
# |
# |
|a ĐTTS ghi Trường Đại học Cân Thơ. Khoa cộng nghệ thông tin
|
| 653 |
# |
# |
|a Lý thuyết mạnh
|
| 653 |
# |
# |
|a Mạch
|
| 653 |
# |
# |
|a điện tử
|
| 852 |
# |
# |
|b Kho đọc
|j KD.0002394
|
| 852 |
# |
# |
|j KD.0002394
|
| 910 |
|
|
|d 15/04/2011
|
| 980 |
# |
# |
|a Trung tâm Học liệu Lê Vũ Hùng, Trường Đại học Đồng Tháp
|